[Event "Carnaval"]
[Site "Quebec CAN"]
[Date "1969.02.16"]
[Round "4"]
[White "Brodie, Hugh"]
[Black "Audet, J."]
[Result "1-0"]
[WhiteElo "1700"]
[BlackElo "1500"]
[PlyCount "51"]
[EventDate "1969.02.14"]
[EventType "swiss"]
[EventRounds "5"]
[EventCountry "CAN"]

1. e4 d6 2. d4 f6 3. Nc3 c6 4. f4 b5 5. d5 a6 6. Be3 c5 7. Nf3 Qa5 8. a3 b4 9.
axb4 Qb6 10. b5 Bg4 11. Be2 Bxf3 12. Bxf3 a5 13. O-O e5 14. dxe6 Ra7 15. f5 g6
16. Qd3 gxf5 17. exf5 Rg7 18. Nd5 Qd8 19. Bh5+ Rg6 20. fxg6 Bg7 21. gxh7+ Kf8
22. hxg8=Q+ Kxg8 23. Qg6 Rh6 24. Bxh6 Qf8 25. Nxf6+ Qxf6 26. Rxf6 1-0

[Event "Carnaval"]
[Site "Quebec CAN"]
[Date "1969.02.16"]
[Round "5"]
[White "Brodie, Hugh"]
[Black "Blank, Brian"]
[Result "1/2-1/2"]
[WhiteElo "1700"]
[BlackElo "1700"]
[PlyCount "41"]
[EventDate "1969.02.14"]
[EventType "swiss"]
[EventRounds "5"]
[EventCountry "CAN"]

1. e4 e6 2. d3 d5 3. Nd2 Bd6 4. g3 d4 5. Bg2 e5 6. Ngf3 Nc6 7. O-O Nf6 8. Nc4
Be6 9. Nxd6+ Qxd6 10. a3 h6 11. Ne1 g5 12. f4 gxf4 13. gxf4 Bg4 14. Qd2 Bd7 15.
Qe2 O-O-O 16. Kh1 Be6 17. f5 Bd7 18. Rg1 Rdg8 19. Bh3 Rxg1+ 20. Kxg1 Qf8 21.
Bd2 1/2-1/2

[Event "Eastern Can. Intercoll."]
[Site "Waterloo CAN"]
[Date "1969.01.24"]
[Round "1"]
[White "Brodie, Hugh"]
[Black "Graham, John"]
[Result "1-0"]
[WhiteElo "1700"]
[BlackElo "1600"]
[PlyCount "71"]
[EventDate "1969.01.24"]
[EventType "team"]
[EventRounds "5"]
[EventCountry "CAN"]

1. e4 e5 2. Nc3 Nf6 3. f4 exf4 4. e5 Qe7 5. Qe2 Ng8 6. Nf3 Nc6 7. d4 d5 8. Bxf4
Be6 9. O-O-O O-O-O 10. Ng5 f6 11. Nxe6 Qxe6 12. exf6 Qxf6 13. Qg4+ Rd7 14. Nxd5
Qg6 15. Be2 Nf6 16. Nxf6 gxf6 17. c3 f5 18. Qh3 Rg8 19. Rhg1 Qe6 20. Bd3 Rg4
21. Qe3 Qg6 22. g3 Qf7 23. Kb1 Rd5 24. Bc4 Ne7 25. Rge1 h5 26. Bxd5 Qxd5 27.
Qe6+ Qxe6 28. Rxe6 h4 29. Rde1 Kd8 30. c4 hxg3 31. hxg3 a6 32. d5 Rg6 33. d6
Rxe6 34. Rxe6 cxd6 35. Rxd6+ Kc8 36. Rf6 1-0

[Event "Eastern Can. Intercoll."]
[Site "Waterloo CAN"]
[Date "1969.01.24"]
[Round "2"]
[White "Brodie, Hugh"]
[Black "Kaminski, Serge"]
[Result "1-0"]
[WhiteElo "1700"]
[BlackElo "1600"]
[PlyCount "107"]
[EventDate "1969.01.24"]
[EventType "team"]
[EventRounds "5"]
[EventCountry "CAN"]

1. e4 e5 2. Nc3 Nc6 3. Bc4 Bc5 4. Qg4 Qf6 5. Nd5 Qxf2+ 6. Kd1 Kf8 7. Nh3 h5 8.
Nxf2 hxg4 9. Nxg4 Bd6 10. Rf1 f6 11. d3 Nce7 12. Nc3 c6 13. h3 Bc7 14. Be3 d6
15. Nh2 Bd7 16. Nf3 b5 17. Bb3 Ke8 18. a4 b4 19. Ne2 d5 20. Bc5 dxe4 21. dxe4
a5 22. Nd2 Nc8 23. Nc4 Rb8 24. Ng3 Nge7 25. Ke2 Ng6 26. Rfd1 Nf4+ 27. Kf3 Ne6
28. Nd6+ Bxd6 29. Bxd6 Nxd6 30. Bxe6 Bxe6 31. Rxd6 Bd7 32. Rad1 Rd8 33. Nf5 g6
34. Ne3 Ke7 35. Nc4 Be6 36. Rxd8 Rxd8 37. Rxd8 Kxd8 38. Nxa5 Kc7 39. g4 g5 40.
Ke3 Kb6 41. Nb3 c5 42. Nd2 Bd7 43. b3 Kc6 44. Kd3 Kb6 45. Nf1 Kc6 46. Ng3 Kd6
47. Nh5 Be6 48. Nxf6 c4+ 49. bxc4 Kc5 50. Nd5 Bc8 51. a5 Ba6 52. Nb6 Bb7 53.
Nd7+ Kd6 54. Nf6 1-0

[Event "Eastern Can. Intercoll."]
[Site "Waterloo CAN"]
[Date "1969.01.25"]
[Round "3"]
[White "Gregorz, Ralph"]
[Black "Brodie, Hugh"]
[Result "0-1"]
[WhiteElo "1900"]
[BlackElo "1700"]
[PlyCount "74"]
[EventDate "1969.01.24"]
[EventType "team"]
[EventRounds "5"]
[EventCountry "CAN"]

1. d4 Nf6 2. c4 c5 3. d5 e6 4. Nc3 exd5 5. cxd5 d6 6. Nf3 g6 7. Nd2 Bg7 8. Nc4
O-O 9. Bf4 Ne8 10. Qd2 b6 11. e4 Ba6 12. a4 Qd7 13. f3 b5 14. axb5 Bxb5 15. Nb6
Qb7 16. Nxa8 Bxf1 17. Kxf1 Qxa8 18. Nb5 a6 19. Nxd6 Nxd6 20. Bxd6 Rc8 21. Kf2
Qb7 22. Ra2 Bd4+ 23. Kg3 Qd7 24. Bf4 f5 25. Be3 fxe4 26. fxe4 Rf8 27. Bf4 Qe7
28. Qe2 g5 29. Bxb8 Rxb8 30. Rf1 Rb3+ 31. Kg4 Qe8 32. Rf3 Rb7 33. Rf5 h5+ 34.
Kxg5 Rg7+ 35. Kf4 Qb8+ 36. e5 Rg4+ 37. Kf3 Qb3+ 0-1

[Event "Eastern Can. Intercoll."]
[Site "Waterloo CAN"]
[Date "1969.01.25"]
[Round "4"]
[White "MacDonald, Charles"]
[Black "Brodie, Hugh"]
[Result "1/2-1/2"]
[WhiteElo "1600"]
[BlackElo "1700"]
[PlyCount "74"]
[EventDate "1969.01.24"]
[EventType "team"]
[EventRounds "5"]
[EventCountry "CAN"]

1. e4 e6 2. d4 d5 3. Nc3 Nf6 4. Bd3 c5 5. exd5 exd5 6. dxc5 Bxc5 7. Qe2+ Be6 8.
Bg5 O-O 9. O-O-O Nc6 10. a3 Re8 11. Bxf6 Qxf6 12. Qf3 Qxf3 13. Nxf3 Bxf2 14.
Bb5 Red8 15. Rd3 Ne7 16. Nd1 Bb6 17. Nd4 Bd7 18. Re1 Bxb5 19. Nxb5 Rd7 20. Nbc3
Rad8 21. Na4 Bc7 22. Nc5 Bf4+ 23. Kb1 Rc7 24. h3 Ng6 25. Nb3 Kf8 26. Nc3 Rcd7
27. Nc5 Rc7 28. Nxd5 Rxc5 29. Nxf4 Rxd3 30. Nxg6+ hxg6 31. cxd3 Rf5 32. Re2 Rc5
33. d4 Rc4 34. Rd2 Ke7 35. b3 Rc3 36. Kb2 Rg3 37. a4 Kd6 1/2-1/2

[Event "Eastern Can. Intercoll."]
[Site "Waterloo CAN"]
[Date "1969.01.26"]
[Round "5"]
[White "Chyurlia, Jerome"]
[Black "Brodie, Hugh"]
[Result "1-0"]
[WhiteElo "1650"]
[BlackElo "1650"]
[PlyCount "55"]
[EventDate "1969.01.24"]
[EventType "team"]
[EventRounds "5"]
[EventCountry "CAN"]

1. e4 e6 2. c3 d5 3. exd5 exd5 4. d4 Bd6 5. Bd3 Ne7 6. Nf3 c6 7. O-O Bg4 8. Re1
O-O 9. Bxh7+ Kh8 10. Bd3 Qc7 11. Nbd2 Bxh2+ 12. Kh1 Bd6 13. Qc2 Nd7 14. g3 g6
15. Kg2 Kg7 16. Nf1 Rh8 17. Nh4 Rxh4 18. gxh4 Nf5 19. Bxf5 Bxf5 20. Qe2 Rh8 21.
Ng3 Be6 22. h5 gxh5 23. Nxh5+ Kf8 24. Rh1 Rg8+ 25. Kf1 Bh2 26. Bh6+ Ke7 27. f4
Bxf4 28. Nxf4 1-0

[Event "Montreal-Tch"]
[Site "Montreal CAN"]
[Date "1969.01.12"]
[Round "1"]
[White "Brodie, Hugh"]
[Black "De Gruchy, Phil"]
[Result "1/2-1/2"]
[WhiteElo "1700"]
[BlackElo "1700"]
[PlyCount "44"]
[EventDate "1969.01.12"]
[EventType "team"]
[EventRounds "5"]
[EventCountry "CAN"]

1. e4 d6 2. d4 Nf6 3. Nc3 g6 4. f4 Bg7 5. Nf3 O-O 6. Be2 c5 7. e5 dxe5 8. dxe5
Qxd1+ 9. Bxd1 Ne8 10. Nd5 Nc6 11. O-O Be6 12. Nc3 Nc7 13. Be3 b6 14. Ng5 Bc4
15. Bf3 Bxf1 16. Bxc6 Ba6 17. Bxa8 Rxa8 18. Rd1 h6 19. Nf3 Ne6 20. Rd7 Kf8 21.
g4 Bc8 22. Rd2 Bb7 1/2-1/2

[Event "Montreal-Tch"]
[Site "Montreal CAN"]
[Date "1969.01.19"]
[Round "2"]
[White "Brodie, Hugh"]
[Black "Hipsagh, Imre"]
[Result "0-1"]
[WhiteElo "1700"]
[BlackElo "1700"]
[PlyCount "96"]
[EventDate "1969.01.12"]
[EventType "team"]
[EventRounds "5"]
[EventCountry "CAN"]

1. e4 e5 2. Nc3 Bc5 3. Bc4 Qf6 4. Nf3 c6 5. O-O b5 6. Bb3 d6 7. d3 h6 8. Be3
Na6 9. d4 Bb6 10. a3 Bg4 11. dxe5 dxe5 12. h3 Bxf3 13. Qxf3 Qxf3 14. gxf3 g5
15. Rad1 Nc5 16. Ba2 Ne7 17. Ne2 a5 18. Ng3 b4 19. Nf5 Nxf5 20. exf5 Na4 21.
Bxb6 Nxb6 22. Rd6 Rc8 23. Rfd1 Na4 24. Rd7 O-O 25. axb4 axb4 26. Ra7 Nc5 27.
Rd6 b3 28. Bxb3 Nxb3 29. cxb3 Kh7 30. Ra6 Kg7 31. Raxc6 Rxc6 32. Rxc6 Rb8 33.
Rc3 Kf6 34. Kf1 Kxf5 35. Ke2 f6 36. Rd3 h5 37. Rc3 Rb4 38. Kf1 Rd4 39. Re3 Kf4
40. Re4+ Kxf3 41. Rxd4 exd4 42. b4 Ke4 43. Ke1 f5 44. b5 Kd5 45. Kd2 h4 46. b4
Kd6 47. Kd3 g4 48. b6 Kc6 0-1

[Event "Montreal-Tch"]
[Site "Montreal CAN"]
[Date "1969.02.02"]
[Round "4"]
[White "Brodie, Hugh"]
[Black "Thompson, Dean"]
[Result "1/2-1/2"]
[WhiteElo "1700"]
[BlackElo "1700"]
[PlyCount "105"]
[EventDate "1969.01.12"]
[EventType "team"]
[EventRounds "5"]
[EventCountry "CAN"]

1. e4 e5 2. Nc3 Nc6 3. Bc4 h6 4. f4 d6 5. Nf3 Nf6 6. O-O Be7 7. d3 a6 8. f5 b5
9. Bb3 Bb7 10. a4 Nd4 11. Nxd4 exd4 12. Ne2 c5 13. axb5 axb5 14. Bd2 Qc7 15. c4
Rxa1 16. Qxa1 b4 17. h3 O-O 18. g4 Nh7 19. Bf4 Bf6 20. Ng3 Be5 21. Qc1 g5 22.
fxg6 fxg6 23. Bxe5 Rxf1+ 24. Kxf1 dxe5 25. Qxh6 Qf7+ 26. Kg2 Bc8 27. Qd2 Qf6
28. Qf2 Qh4 29. Nf1 Qxf2+ 30. Kxf2 Bd7 31. Nd2 Kf7 32. Kg3 g5 33. Nf3 Ke6 34.
Nd2 Kf6 35. Nf1 Nf8 36. Kh2 Ng6 37. Ng3 Nf4 38. Bc2 Be6 39. Nf5 Bxf5 40. gxf5
Nh5 41. Kg2 Ng7 42. Bd1 Ne8 43. Kg3 Nd6 44. Kg4 Nf7 45. Kh5 Nd8 46. Kh6 Nc6 47.
Ba4 Ne7 48. Bd7 Ng8+ 49. Kh5 Ne7 50. h4 gxh4 51. Kxh4 Ng8 52. Kh5 Ne7 53. Be8
1/2-1/2

[Event "Montreal-Tch"]
[Site "Montreal CAN"]
[Date "1969.02.02"]
[Round "5"]
[White "Raicevic, Golub"]
[Black "Brodie, Hugh"]
[Result "0-1"]
[WhiteElo "1700"]
[BlackElo "1700"]
[PlyCount "120"]
[EventDate "1969.01.12"]
[EventType "team"]
[EventRounds "5"]
[EventCountry "CAN"]

1. e4 c6 2. d4 d5 3. e5 Bf5 4. g4 Be4 5. f3 Bg6 6. h4 h6 7. Bd3 Bxd3 8. Qxd3 e6
9. Ne2 Be7 10. h5 Bh4+ 11. Kd1 Nd7 12. b4 Be7 13. Nf4 Nf8 14. c3 Qc7 15. a4 a5
16. Bd2 O-O-O 17. Ra2 Nd7 18. Rb2 axb4 19. cxb4 Nb6 20. a5 Nc4 21. Rb3 b5 22.
axb6 Qxb6 23. Ne2 Kc7 24. Nc1 Ra8 25. Ke2 Bd8 26. Na3 Nxd2 27. Qxd2 Ne7 28. Nd3
Qxd4 29. Rc1 Qb6 30. Nc5 Re8 31. b5 Qa5 32. Na6+ Rxa6 33. bxa6 Qxa6+ 34. Kf2
Kd7 35. Nc4 Bc7 36. Qd4 Rb8 37. Rxb8 Bxb8 38. Kg2 Ba7 39. Qd2 Kc7 40. Nd6 c5
41. Qb2 Nc8 42. Nxf7 c4 43. g5 hxg5 44. Nxg5 Kd7 45. Rb1 Nb6 46. Qc2 Qa3 47.
Qg6 Qe7 48. Nf7 Qf8 49. Nd6 Qe7 50. Ra1 Nc8 51. Qc2 Qg5+ 52. Kf1 Qg1+ 53. Ke2
Qxa1 54. h6 Qxe5+ 55. Ne4 Qh2+ 56. Kd1 Qxc2+ 57. Kxc2 gxh6 58. Nf6+ Kd6 59. Ng8
h5 60. f4 h4 0-1

[Event "Montreal op"]
[Site "Montreal CAN"]
[Date "1968.11.17"]
[Round "1"]
[White "Pohl, Klaus"]
[Black "Brodie, Hugh"]
[Result "1-0"]
[WhiteElo "2100"]
[BlackElo "1700"]
[PlyCount "121"]
[EventDate "1968.11.17"]
[EventType "swiss"]
[EventRounds "8"]
[EventCountry "CAN"]

1. e4 e6 2. d4 d5 3. Nd2 c5 4. c3 Nc6 5. Ngf3 Nf6 6. e5 Nd7 7. Bd3 Qb6 8. dxc5
Bxc5 9. Qe2 Qc7 10. Nb3 Be7 11. Bf4 h6 12. O-O b6 13. Rac1 O-O 14. Bb1 Rd8 15.
c4 Ba6 16. Qc2 Nf8 17. cxd5 Rxd5 18. Rfe1 Bc5 19. Nxc5 Rxc5 20. Qe4 Bb7 21. Be3
Rxc1 22. Rxc1 Qd7 23. Qg4 Rd8 24. h3 Ng6 25. Bxg6 fxg6 26. Qxg6 Qf7 27. Qxf7+
Kxf7 28. Nd4 Nxd4 29. Rc7+ Kg6 30. Rxb7 Nc6 31. Rc7 Nxe5 32. Rxa7 Nc4 33. Rb7
Nxe3 34. fxe3 Rd6 35. Kf1 Kf6 36. Ke2 g5 37. Rb8 e5 38. Kf3 Ke6 39. Ke4 Rc6 40.
Rh8 Kd7 41. Rh7+ Kc8 42. Kd3 Rd6+ 43. Kc3 e4 44. Kc4 Rd2 45. g4 Rxb2 46. Rxh6
Rxa2 47. Rxb6 Rf2 48. Kd4 Rf3 49. Rh6 Kd7 50. Kxe4 Rg3 51. Kd4 Ke7 52. e4 Kf7
53. Ke5 Kg7 54. Re6 Rf3 55. Rd6 Rxh3 56. Kf5 Rf3+ 57. Kxg5 Rf7 58. Rg6+ Kh8 59.
e5 Rc7 60. e6 Rc5+ 61. Kf6 1-0

[Event "Montreal op"]
[Site "Montreal CAN"]
[Date "1968.11.17"]
[Round "2"]
[White "Brodie, Hugh"]
[Black "Belanger, J."]
[Result "1-0"]
[WhiteElo "1700"]
[BlackElo "1700"]
[PlyCount "57"]
[EventDate "1968.11.17"]
[EventType "swiss"]
[EventRounds "8"]
[EventCountry "CAN"]

1. e4 c5 2. Nc3 Nc6 3. g3 a6 4. a4 Nf6 5. Bg2 e6 6. Nge2 d6 7. d4 cxd4 8. Nxd4
Bd7 9. O-O Qc7 10. Be3 Be7 11. Kh1 O-O 12. f4 Nxd4 13. Bxd4 e5 14. Be3 Rfd8 15.
f5 Rac8 16. a5 Qb8 17. Bb6 Rf8 18. g4 h6 19. Bf3 Bb5 20. Rg1 Bd8 21. Be3 Nd7
22. g5 hxg5 23. Bxg5 Bxg5 24. Rxg5 f6 25. Rg3 Bc6 26. Nd5 Bxd5 27. Qxd5+ Rf7
28. Bh5 Rcf8 29. Rag1 1-0

[Event "Montreal op"]
[Site "Montreal CAN"]
[Date "1968.11.24"]
[Round "3"]
[White "Brodie, Hugh"]
[Black "Revelle, Pete"]
[Result "1-0"]
[WhiteElo "1700"]
[BlackElo "1700"]
[PlyCount "89"]
[EventDate "1968.11.17"]
[EventType "swiss"]
[EventRounds "8"]
[EventCountry "CAN"]

1. e4 e5 2. Nc3 Nf6 3. f4 exf4 4. e5 Qe7 5. Qe2 Ng8 6. Nf3 b6 7. d4 Bb7 8. Bxf4
Qb4 9. Qb5 Bxf3 10. Qxb4 Bxb4 11. gxf3 Bxc3+ 12. bxc3 Ne7 13. Bc4 Ng6 14. Bd2
O-O 15. h4 Nc6 16. h5 Nge7 17. O-O-O Na5 18. Bd3 Kh8 19. Rdg1 f6 20. f4 f5 21.
Rg2 Rf7 22. Rhg1 h6 23. Re2 Ng8 24. e6 Rf6 25. exd7 Rd8 26. Rge1 Rxd7 27. Re8
Kh7 28. R1e5 Rdf7 29. d5 Rf8 30. Rxf8 Rxf8 31. Bxf5+ Kh8 32. Bg6 Nc4 33. Re8
Rxe8 34. Bxe8 Nxd2 35. Kxd2 Nf6 36. Bf7 Nd7 37. Kd3 Nf8 38. Kc4 g6 39. Bxg6
Nxg6 40. hxg6 h5 41. Kd3 h4 42. Ke3 Kg7 43. f5 h3 44. Kf3 Kf6 45. Kg3 1-0

[Event "Montreal op"]
[Site "Montreal CAN"]
[Date "1968.11.24"]
[Round "4"]
[White "Brodie, Hugh"]
[Black "Rubin, Robert"]
[Result "0-1"]
[WhiteElo "1700"]
[BlackElo "2000"]
[PlyCount "90"]
[EventDate "1968.11.17"]
[EventType "swiss"]
[EventRounds "8"]
[EventCountry "CAN"]

1. e4 c5 2. Nc3 d6 3. g3 Nc6 4. Bg2 g6 5. Nge2 Bg7 6. O-O Nf6 7. d3 O-O 8. h3
e5 9. Be3 Ne8 10. Qd2 Nd4 11. Kh2 Nc7 12. Nd5 Nxd5 13. exd5 Nxe2 14. Qxe2 f5
15. c3 f4 16. Bd2 Qf6 17. Bf3 h5 18. Rae1 Bh6 19. Rg1 Kh7 20. Rgf1 Bd7 21. d4
Rae8 22. dxe5 Rxe5 23. Qd1 Bb5 24. Rxe5 dxe5 25. Re1 fxg3+ 26. fxg3 Qxf3 27.
Qxf3 Rxf3 28. Bxh6 Kxh6 29. Rxe5 Rf2+ 30. Kg1 Rxb2 31. d6 Rd2 32. Rxc5 Bc6 33.
g4 hxg4 34. hxg4 Rxd6 35. Re5 Rd5 36. g5+ Kh5 37. c4 Rd1+ 38. Kf2 Rd2+ 39. Kg3
Rxa2 40. Kf4 Rc2 41. c5 Rc4+ 42. Kg3 Rg4+ 43. Kf2 Rxg5 44. Re3 Rxc5 45. Rg3
Rc2+ 0-1

[Event "Montreal op"]
[Site "Montreal CAN"]
[Date "1968.12.01"]
[Round "5"]
[White "Martin, Robert"]
[Black "Brodie, Hugh"]
[Result "1/2-1/2"]
[WhiteElo "1800"]
[BlackElo "1700"]
[PlyCount "59"]
[EventDate "1968.11.17"]
[EventType "swiss"]
[EventRounds "8"]
[EventCountry "CAN"]

1. e4 e6 2. d4 d5 3. Nc3 Nf6 4. Bg5 Bb4 5. e5 h6 6. exf6 hxg5 7. fxg7 Rg8 8.
Qh5 Qf6 9. Qh7 Qxg7 10. Qxg7 Rxg7 11. Nge2 c5 12. O-O-O Bd7 13. a3 Bxc3 14.
Nxc3 cxd4 15. Rxd4 Nc6 16. Rd1 O-O-O 17. g3 Ne7 18. Bg2 Bc6 19. Rhe1 d4 20.
Bxc6 Nxc6 21. Ne4 Rg6 22. c3 dxc3 23. Rxd8+ Kxd8 24. Nxc3 a6 25. Ne4 Kc7 26.
Rd1 Ne7 27. Nd6 f5 28. Ne8+ Kc8 29. Nd6+ Kc7 30. Ne8+ 1/2-1/2

[Event "Montreal op"]
[Site "Montreal CAN"]
[Date "1968.12.01"]
[Round "6"]
[White "Berlow, Peter"]
[Black "Brodie, Hugh"]
[Result "1/2-1/2"]
[WhiteElo "1850"]
[BlackElo "1700"]
[PlyCount "122"]
[EventDate "1968.11.17"]
[EventType "swiss"]
[EventRounds "8"]
[EventCountry "CAN"]

1. b4 a5 2. b5 c6 3. a4 d5 4. Bb2 Nf6 5. Nf3 g6 6. e3 Bg7 7. Be2 O-O 8. O-O
cxb5 9. axb5 Ne8 10. Bxg7 Kxg7 11. Na3 Nd6 12. c4 dxc4 13. Nxc4 Nxb5 14. Qb3
Nd6 15. Nb6 Ra7 16. Nxc8 Qxc8 17. Rfc1 Qd8 18. Qc3+ Kg8 19. Qd4 Ra8 20. Ne5 f6
21. Qd5+ Kg7 22. Nf3 Nc6 23. h4 Nf5 24. Qb3 Qd7 25. Bb5 Rfc8 26. d4 Qd6 27.
Bxc6 Rxc6 28. Qxb7 Rxc1+ 29. Rxc1 Qa6 30. Qe4 Ra7 31. h5 a4 32. hxg6 hxg6 33.
g4 Nd6 34. Qe6 Nb5 35. Rc6 Qb7 36. g5 Nd6 37. gxf6+ Kf8 38. fxe7+ Qxe7 39. Qxd6
Qxd6 40. Rxd6 a3 41. Ne1 a2 42. Nc2 Rc7 43. Na1 Rc1+ 44. Kg2 Rxa1 45. Ra6 Ke7
46. Kf3 Kd7 47. Ke4 Kc7 48. Kd5 Kb7 49. Ra3 Kb6 50. e4 Kb5 51. e5 Kb4 52. Ra8
Kb3 53. e6 Re1 54. Kd6 a1=Q 55. Rxa1 Rxa1 56. e7 Re1 57. Kd7 Kc4 58. e8=Q Rxe8
59. Kxe8 Kxd4 60. Kf7 g5 61. Kf6 Ke4 1/2-1/2

[Event "Montreal op"]
[Site "Montreal CAN"]
[Date "1968.12.08"]
[Round "8"]
[White "Lebel, Robert"]
[Black "Brodie, Hugh"]
[Result "1-0"]
[WhiteElo "1800"]
[BlackElo "1700"]
[PlyCount "55"]
[EventDate "1968.11.17"]
[EventType "swiss"]
[EventRounds "8"]
[EventCountry "CAN"]

1. c4 c5 2. Nc3 Nc6 3. g3 g6 4. Bg2 Bg7 5. Rb1 e6 6. a3 a5 7. Nh3 Nge7 8. O-O
O-O 9. Nf4 d6 10. Nd3 Rb8 11. b4 axb4 12. axb4 cxb4 13. Nxb4 Nxb4 14. Rxb4 d5
15. cxd5 Nxd5 16. Nxd5 exd5 17. Qb3 Qe7 18. e3 Be6 19. d4 Rfc8 20. Rb5 Rc4 21.
Bxd5 Bxd5 22. Rxd5 Rbc8 23. Ba3 Qc7 24. Bc5 b5 25. Qxb5 Rc2 26. Rd7 Qb8 27. Rb7
Qa8 28. Qd7 1-0

[Event "Quebec op"]
[Site "Montreal CAN"]
[Date "1968.10.12"]
[Round "1"]
[White "Leimanis, Eriks"]
[Black "Brodie, Hugh"]
[Result "1/2-1/2"]
[WhiteElo "1850"]
[BlackElo "1700"]
[PlyCount "96"]
[EventDate "1968.10.12"]
[EventType "swiss"]
[EventRounds "6"]
[EventCountry "CAN"]

1. e4 e6 2. d4 d5 3. e5 c5 4. dxc5 Bxc5 5. Qg4 Ne7 6. Qxg7 Rg8 7. Qxh7 Qb6 8.
Nh3 Nbc6 9. f4 Bd7 10. Nd2 Be3 11. Qd3 Nb4 12. Qb3 Nec6 13. c3 Rc8 14. Kd1 Qc5
15. cxb4 Nxb4 16. Nc4 Qd4+ 17. Ke1 dxc4 18. Qxb4 Bxc1 19. Rxc1 Qe3+ 20. Kd1 Rd8
21. b3 Bc6+ 22. Kc2 Be4+ 23. Kb2 Rd2+ 24. Ka3 Qd4 25. Qxc4 Qb2+ 26. Kb4 Rd4 27.
Ng5 Rxc4+ 28. Rxc4 Bc6 29. h4 Ke7 30. h5 Rd8 31. h6 Qd2+ 32. Ka3 Qa5+ 33. Kb2
Rd2+ 34. Rc2 Rxc2+ 35. Kxc2 Qxa2+ 36. Kc3 Qa5+ 37. Kc2 Qc5+ 38. Kb2 Qd4+ 39.
Ka2 Qd2+ 40. Kb1 Qd1+ 41. Kb2 Bd5 42. h7 Qxb3+ 43. Kc1 Qe3+ 44. Kc2 Qb3+ 45.
Kd2 Qb2+ 46. Ke3 Qb6+ 47. Ke2 Qb2+ 48. Ke3 Qb6+ 1/2-1/2

[Event "Quebec op"]
[Site "Montreal CAN"]
[Date "1968.10.12"]
[Round "2"]
[White "Brodie, Hugh"]
[Black "Murray, Peter"]
[Result "0-1"]
[WhiteElo "1700"]
[BlackElo "2000"]
[PlyCount "68"]
[EventDate "1968.10.12"]
[EventType "swiss"]
[EventRounds "6"]
[EventCountry "CAN"]

1. c4 Nf6 2. Nc3 g6 3. g3 Bg7 4. Bg2 O-O 5. e3 d6 6. Nge2 Nbd7 7. O-O e5 8. a3
Nh5 9. b4 f5 10. Rb1 f4 11. gxf4 exf4 12. Nxf4 Nxf4 13. exf4 Rxf4 14. Ne2 Rh4
15. Qb3 Ne5 16. c5+ Kh8 17. Bb2 Bg4 18. Ng3 Rh6 19. Ne4 d5 20. d4 Nf3+ 21. Bxf3
Qh4 22. Rfc1 Qxh2+ 23. Kf1 Qh3+ 24. Ke1 dxe4 25. Bd1 Qg2 26. Bxg4 Rh1+ 27. Kd2
Qxf2+ 28. Be2 Bh6+ 29. Kc3 Rh3+ 30. Kc4 Qxe2+ 31. Kd5 Rxb3 32. Re1 Rd8+ 33. Ke5
Qh5+ 34. Ke6 Qf5+ 0-1

[Event "Quebec op"]
[Site "Montreal CAN"]
[Date "1968.10.13"]
[Round "3"]
[White "Presente, D."]
[Black "Brodie, Hugh"]
[Result "0-1"]
[WhiteElo "1700"]
[BlackElo "1700"]
[PlyCount "64"]
[EventDate "1968.10.12"]
[EventType "swiss"]
[EventRounds "6"]
[EventCountry "CAN"]

1. d4 d5 2. c4 c6 3. Nc3 Nf6 4. Bg5 dxc4 5. e4 b5 6. Bxf6 gxf6 7. g3 a6 8. Bg2
Bb7 9. Nf3 Nd7 10. O-O Qc7 11. Nh4 e6 12. f4 Nb6 13. Qe2 O-O-O 14. Nf3 c5 15.
dxc5 Bxc5+ 16. Kh1 Rd7 17. e5 f5 18. h3 Rhd8 19. Rad1 h6 20. g4 fxg4 21. hxg4
Rg8 22. Nh4 Bxg2+ 23. Kxg2 Qc6+ 24. Kh3 Rxd1 25. Rxd1 Rd8 26. Qe4 Qxe4 27.
Rxd8+ Kxd8 28. Nxe4 Bd4 29. Nf3 Bxb2 30. Ne1 Nd5 31. f5 exf5 32. gxf5 Bxe5 0-1

[Event "Quebec op"]
[Site "Montreal CAN"]
[Date "1968.10.13"]
[Round "4"]
[White "Brodie, Hugh"]
[Black "Martin, Robert"]
[Result "1-0"]
[WhiteElo "1700"]
[BlackElo "1700"]
[PlyCount "37"]
[EventDate "1968.10.12"]
[EventType "swiss"]
[EventRounds "6"]
[EventCountry "CAN"]

1. e4 e5 2. Nc3 Nf6 3. f4 d5 4. fxe5 Nxe4 5. Nf3 Bg4 6. Qe2 Nxc3 7. bxc3 Be7 8.
d4 O-O 9. Qe3 f5 10. Bd3 f4 11. Qf2 Bxf3 12. Qxf3 Bh4+ 13. Kd1 g6 14. Rf1 Qd7
15. g3 Be7 16. gxf4 c5 17. Rg1 Qe6 18. Qh5 Rf7 19. f5 1-0

[Event "Quebec op"]
[Site "Montreal CAN"]
[Date "1968.10.14"]
[Round "5"]
[White "Wenzel, A."]
[Black "Brodie, Hugh"]
[Result "1-0"]
[WhiteElo "1800"]
[BlackElo "1700"]
[PlyCount "92"]
[EventDate "1968.10.12"]
[EventType "swiss"]
[EventRounds "6"]
[EventCountry "CAN"]

1. e4 e6 2. Nf3 d5 3. c3 c5 4. Bd3 Nf6 5. e5 Nfd7 6. Bb5 a6 7. Ba4 b5 8. Bc2
Nc6 9. d4 Qb6 10. a3 cxd4 11. cxd4 Na5 12. O-O Bb7 13. Ng5 h6 14. Qh5 hxg5 15.
Qxh8 O-O-O 16. Be3 Nc4 17. b4 Nxe3 18. fxe3 Nxe5 19. dxe5 Qxe3+ 20. Kh1 Qxe5
21. Nd2 Bxb4 22. Nf3 Qxa1 23. Qxd8+ Kxd8 24. Rxa1 Be7 25. a4 b4 26. g4 a5 27.
Rd1 Kc7 28. Kg2 f6 29. Kh3 e5 30. Re1 Bd6 31. Kg2 d4 32. Be4 Ba6 33. Rc1+ Kd7
34. h4 Be7 35. hxg5 fxg5 36. Nxe5+ Ke8 37. Kf3 b3 38. Rb1 Bd6 39. Nc6 d3 40.
Nxa5 d2 41. Nxb3 Bf4 42. Rd1 Bc4 43. Bc6+ Kf7 44. Nxd2 Ba6 45. Ne4 Kg6 46. Be8+
Kh7 1-0

[Event "Quebec op"]
[Site "Montreal CAN"]
[Date "1968.10.14"]
[Round "6"]
[White "Brodie, Hugh"]
[Black "Lebel, Robert"]
[Result "1/2-1/2"]
[WhiteElo "1700"]
[BlackElo "1700"]
[PlyCount "74"]
[EventDate "1968.10.12"]
[EventType "swiss"]
[EventRounds "6"]
[EventCountry "CAN"]

1. e4 c5 2. Nc3 Nc6 3. g3 d6 4. Bg2 g6 5. Nge2 Bg7 6. O-O Nf6 7. d3 O-O 8. h3
Rb8 9. Be3 Bd7 10. Qd2 b5 11. Rab1 b4 12. Nd5 Ne8 13. Bh6 e6 14. Bxg7 Nxg7 15.
Ne3 f5 16. f4 Na5 17. exf5 Nxf5 18. Kh2 Bc6 19. Bxc6 Nxc6 20. Nxf5 Rxf5 21. Ng1
Qf8 22. g4 Rf6 23. Kg2 Rb7 24. Rf2 Rbf7 25. Rbf1 h5 26. Qe3 hxg4 27. hxg4 e5
28. fxe5 Rxf2+ 29. Rxf2 Nxe5 30. Rxf7 Qxf7 31. Qg5 Qd5+ 32. Kg3 Qh1 33. Qd8+
Kg7 34. Qe7+ Kg8 35. Qe6+ Kg7 36. Qe7+ Kg8 37. Qe6+ Kg7 1/2-1/2

[Event "CAN-op"]
[Site "Toronto CAN"]
[Date "1968.08.24"]
[Round "1"]
[White "Williams, J."]
[Black "Brodie, Hugh"]
[Result "0-1"]
[WhiteElo "1500"]
[BlackElo "1700"]
[PlyCount "78"]
[EventDate "1968.08.24"]
[EventType "swiss"]
[EventRounds "11"]
[EventCountry "CAN"]

1. d4 d5 2. c4 c6 3. Nc3 Nf6 4. Bg5 dxc4 5. e4 b5 6. e5 Nd5 7. Nge2 a6 8. g3 h6
9. Bd2 e6 10. a3 c5 11. Bg2 Bb7 12. O-O Nxc3 13. bxc3 Bxg2 14. Kxg2 cxd4 15.
Nxd4 Qd5+ 16. Qf3 Qxf3+ 17. Nxf3 Nc6 18. Be3 g5 19. g4 Bg7 20. Bd4 Nxd4 21.
cxd4 Bf8 22. Rfd1 O-O-O 23. Ne1 Be7 24. Nc2 h5 25. h3 hxg4 26. hxg4 Kb7 27.
Rab1 Kb6 28. a4 Rd7 29. Rh1 Rxh1 30. Kxh1 Ka5 31. axb5 axb5 32. Ra1+ Kb6 33.
Kg2 b4 34. Rd1 b3 35. Ne3 Kb5 36. d5 exd5 37. Nxd5 Kc5 38. Nc3 Rxd1 39. Nxd1
Kd4 0-1

[Event "CAN-op"]
[Site "Toronto CAN"]
[Date "1968.08.25"]
[Round "2"]
[White "Brodie, Hugh"]
[Black "Doubleday, William"]
[Result "0-1"]
[WhiteElo "1700"]
[BlackElo "1800"]
[PlyCount "56"]
[EventDate "1968.08.24"]
[EventType "swiss"]
[EventRounds "11"]
[EventCountry "CAN"]

1. Nf3 Nf6 2. b4 e6 3. b5 Be7 4. c4 a6 5. bxa6 Nxa6 6. g3 b6 7. Bg2 Bb7 8. O-O
O-O 9. Nc3 Nc5 10. d3 d6 11. Nd4 Bxg2 12. Kxg2 Qd7 13. f4 d5 14. cxd5 exd5 15.
Qc2 Rfe8 16. Nd1 Bd6 17. Nf2 Ra4 18. Qb2 Nb7 19. Re1 Bc5 20. Nf3 d4 21. Ne5
Qd5+ 22. Kg1 Nd6 23. Nfg4 Nxg4 24. Nxg4 f6 25. Bd2 Rea8 26. e4 dxe3 27. Bxe3
Rxa2 28. Rxa2 Rxa2 0-1